| 000 | 00529nam a22002057a 4500 | ||
|---|---|---|---|
| 003 | OSt | ||
| 005 | 20160627134146.0 | ||
| 008 | 160627b xxu||||| |||| 00| 0 eng d | ||
| 020 | _a9781405153539 | ||
| 040 | _cDNLM. | ||
| 082 | _aWH100A134d 2007. | ||
| 100 |
_aDrew,provan; _99614 |
||
| 245 | _aABC of Clinical Haemotology. | ||
| 250 | _a3rd ed. | ||
| 260 |
_aLondon. _bBlackwell,Publishing. _c2007. |
||
| 300 |
_aix,99p; _bcol,ill; _c29cm. |
||
| 504 | _aincludes index. | ||
| 650 |
_aBiochemistry. _9443 |
||
| 942 |
_2z _cO_SHELF |
||
| 999 |
_c4477 _d4477 |
||